[Event "Summer Solstice Open 1"]
[Site "SchemingMind.com"]
[Date "2018.07.26"]
[Round "-"]
[White "Phil Cook"]
[Black "Kenny Elliott"]
[Result "1-0"]
[WhiteCountry "NZL"]
[BlackCountry "USA"]
[WhiteElo "2239"]
[WhiteRD "143"]
[BlackElo "1495"]
[BlackRD "73"]
[GameID "430635"]

1. d4 Nf6 2. c4 g6 3. Nf3 Bg7 4. e3 d6 5. Nc3 Bg4 6. h3 Bxf3 7. Qxf3 c6 8. Bd2 O-O 9. O-O-O Nbd7 10. g4 Ne8
11. h4 Nc7 12. h5 Rb8 13. hxg6 fxg6 14. Qh3 e5 15. Qxh7+ Kf7 16. Bd3 Qf6 17. Ne4 Rh8 18. Nxf6 Rxh7 19. Nxh7 a6 20. Ng5+ Kg8
21. Bxg6 Bf6 22. Rh7 Bxg5 23. Rxd7 Ne6 24. Bf7+ Kf8 25. Bxe6 b5 26. Rh1 Ke8 27. Rh8#
1-0

[Event "Summer Solstice Open 1"]
[Site "SchemingMind.com"]
[Date "2018.07.26"]
[Round "-"]
[White "Marc Wakeham"]
[Black "Phil Cook"]
[Result "0-1"]
[WhiteCountry "WLS"]
[BlackCountry "NZL"]
[WhiteElo "1673"]
[WhiteRD "85"]
[BlackElo "2239"]
[BlackRD "143"]
[GameID "430636"]

1. e4 c6 2. d4 d5 3. Nc3 e6 4. Bf4 Bb4 5. exd5 cxd5 6. Bd3 Nc6 7. Ne2 Nf6 8. O-O O-O 9. a3 Bd6 10. Qd2 a6
11. Be5 Nxe5 12. Rfe1 Nxd3 13. Qxd3 Bd7 14. h3 Qc7 15. b4 Rfc8 16. Rac1 a5 17. Nb5 Bxb5 18. Qd2 Ne4 19. Qd1 Bh2+
0-1

[Event "Summer Solstice Open 1"]
[Site "SchemingMind.com"]
[Date "2018.07.26"]
[Round "-"]
[White "Phil Cook"]
[Black "Marc Wakeham"]
[Result "1-0"]
[WhiteCountry "NZL"]
[BlackCountry "WLS"]
[WhiteElo "2239"]
[WhiteRD "143"]
[BlackElo "1673"]
[BlackRD "85"]
[GameID "430637"]

1. d4 Nf6 2. c4 g6 3. Nf3 Bg7 4. g3 d5 5. Bg2 O-O 6. O-O dxc4 7. Na3 c6 8. Ne5 Be6 9. Naxc4 Nfd7 10. b3 Na6
11. Re1 Nc7 12. Nf3 Bd5 13. e4 Bxc4 14. bxc4 Ne6 15. Be3 Nc7 16. Rb1 b6 17. e5 e6 18. Nd2 Na6 19. Bxc6 Rb8 20. Qa4
1-0

[Event "Summer Solstice Open 1"]
[Site "SchemingMind.com"]
[Date "2018.07.31"]
[Round "-"]
[White "The Stonewall"]
[Black "Phil Cook"]
[Result "1/2-1/2"]
[WhiteCountry "ENG"]
[BlackCountry "NZL"]
[WhiteElo "2303"]
[WhiteRD "78"]
[BlackElo "2344"]
[BlackRD "103"]
[GameID "430638"]

1. d4 a5 2. e4 e6 3. Nf3 d5 4. Nbd2 a4 5. Bd3 Nf6 6. O-O Be7 7. c3 c5 8. dxc5 O-O 9. Bc2 Bxc5 10. exd5 exd5
11. Bxa4 Nc6 12. Bc2 Bb6 13. Nb3 Ne4 14. Nfd4 Re8 15. Re1 Bd7 16. h3 Qf6 17. Be3 Ne5 18. Nd2 Nxd2 19. Bxd2 g6 20. Bb3 Nd3
21. Rxe8+ Rxe8 22. Be3 Rxe3 23. fxe3 Qf2+ 24. Kh1 Qxb2 25. Qf1 Nf2+ 26. Kg1 Qxc3 27. Kxf2 Bxd4 28. exd4 Qxd4+ 29. Kg3 Qe5+ 30. Kf3 Qe4+
31. Kg3 Qe5+ 32. Kf3 Qe4+ 33. Kg3 Qe5+ 34. Kf3 Qe4+ 35. Kg3 Qe5+ 36. Kf3 Qe4+ 37. Kg3 Qe5+=
1/2-1/2

[Event "Summer Solstice Open 1"]
[Site "SchemingMind.com"]
[Date "2018.07.31"]
[Round "-"]
[White "Phil Cook"]
[Black "The Stonewall"]
[Result "1/2-1/2"]
[WhiteCountry "NZL"]
[BlackCountry "ENG"]
[WhiteElo "2344"]
[WhiteRD "103"]
[BlackElo "2303"]
[BlackRD "78"]
[GameID "430639"]

1. e4 e6 2. c4 d5 3. exd5 exd5 4. d4 Nf6 5. Nc3 Bb4 6. Bd3 O-O 7. cxd5 Re8+ 8. Ne2 Nxd5 9. O-O Nc6 10. a3 Ba5
11. Nxd5 Qxd5 12. Qc2 g6 13. Be3 Bb6 14. Rfe1 Be6 15. Be4 Qb3 16. Qc1 Bc4 17. Bc2 Qb5 18. Nc3 Qa6 19. Qd2 Nxd4 20. Bxd4 Red8
21. Re4 c5 22. Qh6 cxd4 23. Rh4 dxc3 24. Qxh7+ Kf8 25. Rf4 Rd2 26. Re1 Bd4 27. Rxd4 Qf6 28. Rf4 Qg7 29. Qxg7+ Kxg7 30. Rxc4 Rxc2
31. Rxc3 Rxb2 32. g4 Rd8 33. Re7 Rd4 34. Rf3 Rxg4+ 35. Kf1 Rb1+ 36. Ke2 Rb2+ 37. Kf1 Rb1+ 38. Ke2 Rb2+ 39. Kf1=
1/2-1/2

[Event "Summer Solstice Open 1"]
[Site "SchemingMind.com"]
[Date "2018.07.26"]
[Round "-"]
[White "Brian Acebo"]
[Black "Phil Cook"]
[Result "0-1"]
[WhiteCountry "USA"]
[BlackCountry "NZL"]
[WhiteElo "1439"]
[WhiteRD "124"]
[BlackElo "2344"]
[BlackRD "103"]
[GameID "430640"]

1. e4 e5 2. Nf3 Nc6 3. d4 exd4 4. Nxd4 Bc5 5. Be3 Qf6 6. Nf5 Qxb2 7. Nd2 d6 8. Bc4 Bxf5 9. Bxc5 dxc5 10. exf5 O-O-O
11. O-O Qd4 12. Bd3 Nf6 13. Qf3 Ne5 14. Qg3 c4 15. Nxc4 Nxc4 16. Qxg7 Nd2 17. Rfe1 Rhg8 18. Qxf7 Nf3+ 19. Kf1 Ng4 20. Qe6+ Kb8
21. Re2 Ngxh2#
0-1

[Event "Summer Solstice Open 1"]
[Site "SchemingMind.com"]
[Date "2018.07.26"]
[Round "-"]
[White "Phil Cook"]
[Black "Brian Acebo"]
[Result "1-0"]
[WhiteCountry "NZL"]
[BlackCountry "USA"]
[WhiteElo "2344"]
[WhiteRD "103"]
[BlackElo "1439"]
[BlackRD "124"]
[GameID "430641"]

1. d4 d5 2. c4 Nf6 3. Nf3 e6 4. Nc3 Be7 5. Bf4 O-O 6. e3 c6 7. Qc2 a6 8. Rc1 dxc4 9. Bxc4 b5 10. Bd3 c5
11. dxc5 Bxc5 12. O-O Re8 13. Ne4 Nxe4 14. Bxe4 Ra7 15. Bxh7+ Kf8 16. Qxc5+ Ree7 17. Qh5 Qd5 18. Bf5
1-0

[Event "Summer Solstice Open 1"]
[Site "SchemingMind.com"]
[Date "2018.07.27"]
[Round "-"]
[White "Phil Cook"]
[Black "flyinduck"]
[Result "1-0"]
[WhiteCountry "NZL"]
[BlackCountry "CAN"]
[WhiteElo "2344"]
[WhiteRD "103"]
[BlackElo "2024"]
[BlackRD "53"]
[GameID "430642"]

1. d4 d6 2. e4 Nf6 3. Nc3 e5 4. Nf3 exd4 5. Nxd4 Be7 6. g3 O-O 7. Bg2 Re8 8. O-O Bf8 9. Re1 c6 10. h3 Nbd7
11. Bf4 Ne5 12. a4 a5 13. b3 Qb6 14. Be3 Qc7 15. f4 Ng6 16. Bf2 h5 17. Qf3 Bd7 18. Nde2 Rad8 19. Bd4 Be7 20. Rad1 h4
21. g4 Bc8 22. Qf2 Nd7 23. Be3 Nc5 24. f5 Ne5 25. g5 g6 26. f6 Bf8 27. Nf4 Qb6 28. Bd4 Qb4 29. Ncd5 cxd5 30. Nxd5 Qxe1+
31. Qxe1 Be6 32. Nc7
1-0

[Event "Summer Solstice Open 1"]
[Site "SchemingMind.com"]
[Date "2018.07.27"]
[Round "-"]
[White "flyinduck"]
[Black "Phil Cook"]
[Result "0-1"]
[WhiteCountry "CAN"]
[BlackCountry "NZL"]
[WhiteElo "2024"]
[WhiteRD "53"]
[BlackElo "2344"]
[BlackRD "103"]
[GameID "430643"]

1. e4 e5 2. f4 d5 3. exd5 exf4 4. Nf3 Nf6 5. d4 Nxd5 6. Bc4 Be6 7. O-O Be7 8. Bxd5 Bxd5 9. Bxf4 Nc6 10. Nbd2 b5
11. a4 b4 12. c4 bxc3 13. bxc3 O-O 14. Qc2 Qd7 15. Rad1 f6 16. c4 Bf7 17. d5 Nb4 18. Qc3 a5 19. Nd4 c6 20. dxc6 Nxc6
21. N2b3 Nxd4 22. Nxd4 Qxa4 23. c5 Rfc8 24. c6 Qb4 25. Qxb4 axb4 26. c7 b3 27. Kh1 Bc5 28. Nc6 b2 29. Nb8 Be8 30. Rd8 Ra1
0-1

[Event "Summer Solstice Open 1"]
[Site "SchemingMind.com"]
[Date "2018.07.26"]
[Round "-"]
[White "Phil Cook"]
[Black "Keithk"]
[Result "0-1"]
[WhiteCountry "NZL"]
[BlackCountry "ENG"]
[WhiteElo "2344"]
[WhiteRD "103"]
[BlackElo "2572"]
[BlackRD "58"]
[GameID "430644"]

1. e4 e5 2. Nf3 Nc6 3. Bb5 a6 4. Bxc6 dxc6 5. O-O Bg4 6. d4 Bxf3 7. Qxf3 Qxd4 8. Rd1 Qc4 9. b3 Qe6 10. Qe3 Bd6
11. Bb2 Ne7 12. Nd2 O-O 13. Nc4 b5 14. Nxd6 cxd6 15. Rd2 Rfe8 16. Ba3 d5 17. g3 Ng6 18. Qf3 Qh3 19. Qe2 d4 20. Bc5 Nf8
21. c3 Ne6 22. cxd4 f5 23. f3 Rad8 24. b4 exd4 25. Bb6 fxe4 26. fxe4 Rd7 27. Rf1 Rb8 28. Ba5 h5 29. Qd3 Qg4 30. Rf5 g6
31. Rf1 Ng5 32. Rf6 Rf8 33. Rxg6+ Kh7 34. Rxg5 Qxg5 35. Bb6 Re8 36. Kf2 Qg6 37. Re2 Qf7+ 38. Kg1 Qc4 39. Rd2 Qxd3 40. Rxd3 Rxe4
41. Bc5 Kg6 42. Kf2 Kf5 43. Bf8 Ke5 44. Bh6 Kd5 45. Rd1 Rd6 46. Bf4 Rde6 47. Rd2 Kc4 48. Rc2+ Kxb4 49. Kf3 Ka4
0-1

[Event "Summer Solstice Open 1"]
[Site "SchemingMind.com"]
[Date "2018.07.26"]
[Round "-"]
[White "Keithk"]
[Black "Phil Cook"]
[Result "1-0"]
[WhiteCountry "ENG"]
[BlackCountry "NZL"]
[WhiteElo "2572"]
[WhiteRD "58"]
[BlackElo "2344"]
[BlackRD "103"]
[GameID "430645"]

1. e4 e5 2. Nf3 Nc6 3. Bb5 a6 4. Ba4 Nf6 5. O-O Nxe4 6. d4 b5 7. Bb3 d5 8. dxe5 Be6 9. Nbd2 Nc5 10. c3 d4
11. Bxe6 Nxe6 12. cxd4 Ncxd4 13. a4 Bb4 14. axb5 Nxb5 15. Qa4 Be7 16. Rd1 O-O 17. Nc4 Qb8 18. Be3 Bc5 19. h3 Bxe3 20. fxe3 Rd8
21. Rxd8+ Qxd8 22. Ncd2 h6 23. Qc4 Qd7 24. Kh2 Nd8 25. Ne4 Ne6 26. Ng3 c5 27. Nf5 Ra7 28. Qc2 Qc7 29. Ra4 Kf8 30. Rg4 Ng5
31. Nxg7 Nxf3+ 32. gxf3 Qxe5+ 33. f4 Qd5 34. Nf5
1-0